000
00303nam a2200121 a 4500
008
101022s1968|||| d
100
1
_a
Lazarová, Katarína
245
1
0
_a
Putovanie svätej Anny
260
_b
Slovenský spisovateľ
_a
Bratislava
_c
1968
020
_c
13
041
_a
slo
044
_a
xo
_c
SK
999
_c
12010
_d
12010